[Event "Barcelona Sant Marti op-B 23rd"]
[Site "Barcelona"]
[Date "2023.07.14"]
[Round "2"]
[White "Arellan Zavala, Josep"]
[Black "Ritter Aguilar, Jordi"]
[Result "0-1"]
[WhiteElo "1268"]
[BlackElo "1736"]
[PlyCount "54"]
[EventDate "2023.07.13"]
[EventType "swiss"]
[EventRounds "9"]
[EventCountry "ESP"]
[SourceTitle "CBM 215 Extra"]
[Source "ChessBase"]
[SourceDate "2023.09.30"]
[SourceVersion "1"]
[SourceVersionDate "2023.09.30"]
[SourceQuality "1"]

1. e4 e5 2. Nf3 Nc6 3. Nc3 Nf6 4. Bc4 Nxe4 5. Nxe4 d5 6. Bd3 dxe4 7. Bxe4 Bd6 8. d4 exd4 9. Nxd4 Qe7 10. 0-0 Nxd4 11. Qxd4 0-0 12. b3 Be5 13. Qd3 Bxa1 14. Re1 Qf6 15. Qd5 c6 16. Qd3 Bc3 17. Bxh7+ Kh8 18. Re4 Rd8 19. Qe2 Kxh7 20. g3 Kg8 21. Re8+ Rxe8 22. Qxe8+ Kh7 23. Qe4+ Bf5 24. Qf3 Re8 25. g4 Re1+ 26. Kg2 Be4 27. Qxe4+ Rxe4 0-1

[Event "Foment Martinenc op-C 22nd"]
[Site "Barcelona"]
[Date "2022.06.04"]
[Round "7"]
[White "Arellan Zavala, Josep"]
[Black "Marzo Ruiz, Xavier"]
[Result "0-1"]
[WhiteElo "1435"]
[BlackElo "1646"]
[PlyCount "60"]
[EventDate "2022.04.23"]
[EventType "swiss"]
[EventRounds "9"]
[EventCountry "ESP"]
[SourceTitle "EXT 2023"]
[Source "ChessBase"]
[SourceDate "2022.10.05"]
[SourceVersion "1"]
[SourceVersionDate "2022.10.05"]
[SourceQuality "1"]

1. e4 g6 2. d4 Bg7 3. Nf3 d6 4. Bc4 e6 5. Nc3 a6 6. Bf4 b5 7. Bb3 Bb7 8. Qd2 Nd7 9. a4 b4 10. Na2 a5 11. c3 Bxe4 12. cxb4 Bxf3 13. gxf3 Qb8 14. Bc2 e5 15. dxe5 Nxe5 16. Qe2 axb4 17. Be4 Ne7 18. Bxa8 Qxa8 19. Bxe5 Bxe5 20. Qb5+ Kf8 21. Nxb4 Qxf3 22. Kd2 Qxf2+ 23. Qe2 Qd4+ 24. Nd3 Nf5 25. Rhf1 Kg7 26. Ke1 Re8 27. Kd2 Bf4+ 28. Rxf4 Rxe2+ 29. Kxe2 Qe3+ 30. Kf1 Qxd3+ 0-1

[Event "Foment Martinenc op-C 22nd"]
[Site "Barcelona"]
[Date "2022.05.28"]
[Round "6"]
[White "Gonzalez Ramos, Sarah Yael"]
[Black "Arellan Zavala, Josep"]
[Result "0-1"]
[WhiteElo "1700"]
[BlackElo "1435"]
[PlyCount "56"]
[EventDate "2022.04.23"]
[EventType "swiss"]
[EventRounds "9"]
[EventCountry "ESP"]
[SourceTitle "EXT 2023"]
[Source "ChessBase"]
[SourceDate "2022.10.05"]
[SourceVersion "1"]
[SourceVersionDate "2022.10.05"]
[SourceQuality "1"]

1. d4 d5 2. c4 e6 3. Nc3 Nf6 4. Bf4 c6 5. Nf3 Nbd7 6. e3 Be7 7. Bd3 b6 8. cxd5 exd5 9. e4 0-0 10. e5 Nh5 11. Be3 g6 12. 0-0 f6 13. e6 Nb8 14. Bh6 Re8 15. Re1 Bf8 16. Bxf8 Kxf8 17. Qd2 Kg7 18. Nh4 Bxe6 19. Ne2 Re7 20. Nf4 Nxf4 21. Qxf4 g5 22. Nf5+ Bxf5 23. Qxf5 Kf8 24. Qxf6+ Ke8 25. Qh8+ Kd7 26. Bf5+ Kc7 27. Qf6 Rxe1+ 28. Rxe1 Qxf6 0-1